О техническом регулировании при использовании атомной энергии; Стандарты и качество; № 1

Бібліографічні деталі
Parent link:Стандарты и качество: научно-технический журнал/ Российская Федерация, Государственный комитет по стандартизации и метрологии (Госстандарт России).— , 1980-.— 0038-9692
№ 1.— 2004.— С. 42-45
Автор: Гордон Б.
Мова:Російська
Опубліковано: 2004
Серія:Стандартизация: практика, методика, теория
Предмети:
Формат: Частина з книги
KOHA link:https://koha.lib.tpu.ru/cgi-bin/koha/opac-detail.pl?biblionumber=459585

MARC

LEADER 00000naa2a2200000 4500
001 459585
005 20231101085145.0
035 |a (RuTPU)RU\TPU\prd\123381 
035 |a RU\TPU\prd\24351 
090 |a 459585 
100 |a 20111024a2004 k y0rusy50 ca 
101 0 |a rus 
102 |a RU 
200 1 |a О техническом регулировании при использовании атомной энергии  |f Б. Гордон 
225 1 |a Стандартизация: практика, методика, теория 
320 |a Библиогр.: 6 назв. 
461 1 |0 (RuTPU)RU\TPU\prd\992  |x 0038-9692  |t Стандарты и качество  |o научно-технический журнал  |f Российская Федерация, Государственный комитет по стандартизации и метрологии (Госстандарт России)  |d 1980- 
463 1 |0 (RuTPU)RU\TPU\prd\123369  |t № 1  |v С. 42-45  |d 2004 
610 1 |a техническое регулирование 
610 1 |a атомная энергия 
610 1 |a использование 
610 1 |a средства массовой информации 
610 1 |a СМИ 
610 1 |a предпринимательство 
610 1 |a безопасность 
700 1 |a Гордон  |b Б. 
801 1 |a RU  |b 63413507  |c 20040325  |g PSBO 
801 2 |a RU  |b 63413507  |c 20111024  |g RCR 
942 |c BK